000 00576cam a22002053a 4500
001 41797
003 PGUSA
005 20140828083937.0
008 130106s2013||||xxu|||||s|||||000 | eng d
040 _aPGUSA
_beng
042 _adc
100 1 _aWhyte, Christina Gowans
245 1 4 _aThe Story Book Girls
_h[electronic resource] /
_cChristina Gowans Whyte
260 _bProject Gutenberg,
_c2013
506 _aPublic domain in the USA.
516 _aElectronic text
830 0 _aProject Gutenberg
_v41797
856 4 0 _uhttp://www.gutenberg.org/ebooks/41797
942 _cEB
999 _c271049
_d271049